Pagbuo ng mga pangarap: (Record no. 3327)
[ view plain ]
| 000 -LEADER | |
|---|---|
| fixed length control field | 00480nam a22001577a 4500 |
| 008 - FIXED-LENGTH DATA ELEMENTS--GENERAL INFORMATION | |
| fixed length control field | 160709b xxu||||| |||| 00| 0 eng d |
| 020 ## - INTERNATIONAL STANDARD BOOK NUMBER | |
| International Standard Book Number | 9715503608 |
| 082 ## - DEWEY DECIMAL CLASSIFICATION NUMBER | |
| Edition number | 2000 |
| Classification number | DFil 899.2111 |
| Item number | L11 |
| 100 ## - MAIN ENTRY--PERSONAL NAME | |
| 9 (RLIN) | 11089 |
| Personal name | Guzman, Gloria V. |
| 245 ## - TITLE STATEMENT | |
| Title | Pagbuo ng mga pangarap: |
| Remainder of title | isang daan at pitong tula/ |
| Statement of responsibility, etc. | Gloria V. Guzman |
| 260 ## - PUBLICATION, DISTRIBUTION, ETC. (IMPRINT) | |
| Place of publication, distribution, etc. | Quezon City: |
| Name of publisher, distributor, etc. | ADMU Press, |
| Date of publication, distribution, etc. | c2000. |
| 300 ## - PHYSICAL DESCRIPTION | |
| Extent | 162 pages: |
| Dimensions | 23 cm. |
| 650 #0 - SUBJECT ADDED ENTRY--TOPICAL TERM | |
| 9 (RLIN) | 11090 |
| Topical term or geographic name as entry element | Filipino poetry |
| 365 ## - TRADE PRICE | |
| Price amount | 324.50 |
| Currency code | Php. |
| 942 ## - ADDED ENTRY ELEMENTS (KOHA) | |
| Source of classification or shelving scheme | Dewey Decimal Classification |
| Koha item type | Filipiniana |
| Withdrawn status | Lost status | Source of classification or shelving scheme | Damaged status | Not for loan | Collection code | Home library | Current library | Date acquired | Source of acquisition | Total Checkouts | Full call number | Barcode | Date last seen | Cost, replacement price | Price effective from | Koha item type |
|---|---|---|---|---|---|---|---|---|---|---|---|---|---|---|---|---|
| Dewey Decimal Classification | Filipiniana | UM Digos College - LIC | UM Digos College - LIC | 10/28/2003 | Purchased | DFil 899.2111 L11 2000 | 16231 | 06/08/2021 | 324.00 | 07/09/2016 | Filipiniana |
